| 000 | 01066nam a22002417a 4500 | ||
|---|---|---|---|
| 001 | 71255 | ||
| 003 | BD-RjUL | ||
| 005 | 20211209082108.0 | ||
| 008 | 170430s1989 bg ||||| b||| 001 0 ben d | ||
| 020 | _c TK. : 150.00 | ||
| 035 | _a(BD-RjUL)71470 | ||
| 040 |
_aBD-RjUL _bben _cBD-RjUL |
||
| 041 | _aben | ||
| 082 |
_222 _a891.44309 _bHAD 1989 |
||
| 100 | 1 |
_aহক, মুহম্মদ রেজাউল _9126364 |
|
| 245 | 1 | 0 |
_aদ্বিতীয় বিশ্বযুদ্ধোত্তর বাংলা উপন্যাস : _b১৯৪৫-১৯৬০ / _cমুহম্মদ রেজাউল হক. |
| 260 |
_aঢাকা : _bবাংলা একাডেমী, _c১৯৮৯. |
||
| 300 |
_a[৭], ৩৯৪ পৃ. ; _c২২ সেমি. |
||
| 504 | _aসংযুক্ত গ্রন্থপুঞ্জি ও নির্ঘণ্ট | ||
| 650 |
_aবাংলা উপন্যাস _xইতিহাস ও সমালোচনা _9210818 |
||
| 650 |
_aBengali Fiction _xHistory & criticism _9126365 |
||
| 942 |
_2ddc _cBK |
||
| 999 |
_c71255 _d71255 |
||